The 8086/8088 microprocessor : (Record no. 196671)

000 -LEADER
fixed length control field 01264 a2200217 4500
003 - CONTROL NUMBER IDENTIFIER
control field Nust
005 - DATE AND TIME OF LATEST TRANSACTION
control field 20170207154319.0
010 ## - LIBRARY OF CONGRESS CONTROL NUMBER
LC control number
040 ## - CATALOGING SOURCE
Transcribing agency Nust
082 00 - DEWEY DECIMAL CLASSIFICATION NUMBER
Classification number 004.165
100 1# - MAIN ENTRY--PERSONAL NAME
Personal name Brey, Barry B.
245 14 - TITLE STATEMENT
Title The 8086/8088 microprocessor :
Remainder of title architecture, programming, and interfacing /
Statement of responsibility, etc. Barry B. Brey.
250 ## - EDITION STATEMENT
Edition statement Fourth Edition
260 ## - PUBLICATION, DISTRIBUTION, ETC.
Place of publication, distribution, etc. USA
Name of publisher, distributor, etc. Prentice-Hall, Inc
Date of publication, distribution, etc. © 1997
300 ## - PHYSICAL DESCRIPTION
Extent 920p;
Other physical details ill. ;
Dimensions 25 cm.
505 ## - FORMATTED CONTENTS NOTE
Formatted contents note INTRODUCTION TO THE MICROPROCESSOR AND COMPUTER (Page-)1 THE MICROPROCESSOR AND ITS ARCHITECTURE (Page-45) ADDRESSING MODES (Page68-) I DATA MOVEMENT INSTRUCTIONS(Page-101) ARITHMETIC AND LOGIC INSTRUCTIONS(Page-144) PROGRAM CONTROL INSTRUCTIONS(Page-180) PROGRAMMING THE MICROPROCESSOR(Page-215) 8086/8088 HARDWARE SPECIFICATIONS(Page-285) MEMORY INTERFACE(Page-312) BASIC lID INTERFACE(Page-362) INTERRUPTS(Page430-) DIRECT MEMORY ACCESS AND DMA-CONTROLLED I/O(Page-467) THE ARITHMETIC COPROCESSOR(Page-517) BUS INTERFACE(Page-562) THE 80186,80188, AND 80286 MICROPROCESSORS(Page-584) THE 80386 AND 80486 MICROPROCESSORS(Page-622) THE PENTIUM AND PENTIUM PRO MICROPROCESSORS(Page-679)
538 ## - SYSTEM DETAILS NOTE
System details note (E-Book)
650 #0 - SUBJECT ADDED ENTRY--TOPICAL TERM
Topical term or geographic name entry element Intel 8086 (Microprocessor)
650 #0 - SUBJECT ADDED ENTRY--TOPICAL TERM
Topical term or geographic name entry element Intel 8088 (Microprocessor)
651 ## - SUBJECT ADDED ENTRY--GEOGRAPHIC NAME
Geographic name (E-Book)
942 ## - ADDED ENTRY ELEMENTS (KOHA)
Source of classification or shelving scheme
Koha item type Book
Holdings
Withdrawn status Lost status Source of classification or shelving scheme Damaged status Not for loan Collection code Permanent Location Current Location Date acquired Total Checkouts Full call number Barcode Date last seen Price effective from Koha item type
            Military College of Signals (MCS) Military College of Signals (MCS) 12/12/2016   004.165 BRE MCSEB-3033 12/08/2016 12/12/2016 Book
© 2023 Central Library, National University of Sciences and Technology. All Rights Reserved.